| 000 | 00784nam a2200289Ia 4500 | ||
|---|---|---|---|
| 008 | 160803s9999 xx 000 0 und d | ||
| 020 | _a 978-0545278492 | ||
| 100 | _aDanticat, Edwidge | ||
| 245 | _aEight days : | ||
| 245 | _cEdwidge Danticat ; pictures by Alix Delinois. | ||
| 260 | _aNew York : | ||
| 260 | _bScholastic Inc. | ||
| 260 | _c2010 | ||
| 300 | _a24 unnumbered pages : | ||
| 300 | _bcolor illustrations ; | ||
| 300 | _c29 cm | ||
| 650 | _aEarthquakes -- Haiti -- | ||
| 650 | _aHaiti Earthquake, Haiti, 2010 -- | ||
| 650 | _aHaiti Earthquake, Haiti, 2010 -- Juvenile fiction. | ||
| 650 | _aImagination -- | ||
| 650 | _aPlay -- | ||
| 650 | _xFiction. | ||
| 650 | _xFiction. | ||
| 650 | _xFiction. | ||
| 650 | _xFiction. | ||
| 700 | _a820 | ||
| 999 |
_c298309 _d298309 |
||